| 000 | 00605nam a2200133Ia 4500 | ||
|---|---|---|---|
| 008 | 220216s9999 xx 000 0 und d | ||
| 100 | _aChakraborty S | ||
| 245 | 0 | _aSustainability and circular economy is the future path of carbon black industry | |
| 260 |
_bCircular Economy, Recyclability and Sustainability of the Rubber Industry-A New Paradigm Shift: National Rubber Conference, 4-5 December 2019, All India Rubber Industries Association, Kolkata, India. _cDec-19 |
||
| 650 | _aCarbon black industry | ||
| 650 | _aCircular economy | ||
| 856 | _uRef only (In: Rubber India January 2020) | ||
| 942 | _cJS | ||
| 999 |
_c70062 _d70062 |
||